000 00422nam a22001577a 4500
003 macl
005 20181206123921.0
008 181206b xxu||||| |||| 00| 0 eng d
040 _cmacl
082 _a294
100 _a हरीसिंह.
_973319
245 _aराम कथा
260 _aजयपुर
_b यूनिक ट्रेडर्स
_c2015
650 _a धर्म
_973321
942 _2ddc
_cHIN
999 _c58656
_d58656